|
|
|
|
| LEADER |
00000nam a22000007a 4500 |
| 005 |
2013112700560.0 |
| 007 |
cr|||| |||| |
| 008 |
131127s2012 sp |||||s|||| 00||0 spa d |
| 020 |
|
|
|a 978-84-9031-494-4
|
| 035 |
|
|
|a 11657
|
| 040 |
|
|
|a vLex
|
| 090 |
|
|
|c 4589
|d 4589
|
| 100 |
1 |
|
|a Rams Albesa, Joaquim
|
| 245 |
1 |
0 |
|a Apuntes de Derecho de Sucesiones
|h [Recurso electrn̤ico] /
|c Joaquim Rams Albesa, Rosa Mara̕ Moreno Flr̤ez
|
| 256 |
|
|
|a Servicio en ln̕ea
|
| 260 |
|
|
|a Madrid :
|b Dykinson,
|c 2012
|
| 300 |
|
|
|a 1 recurso electrn̤ico
|
| 650 |
0 |
4 |
|a Herencias y sucesiones
|
| 740 |
0 |
|
|a vLex Libros (Servicio en ln̕ea)
|
| 856 |
4 |
0 |
|u http://vlex.com/source/apuntes-derecho-sucesiones-11657
|z Acceso restringido
|
| 942 |
|
|
|c BOOK
|
| 999 |
0 |
|
|a Inheritance and succession
|